00736pam a2200241 a 450000100060000000300080000600500170001400800390003102000150007003500190008504000320010404100110013608200240014724500840017126000580025530000330031350000240034650400410037065000130041165000240042470000250044870000210047310581BD-RjUL20211208234959.0140125s1982 paua b 001 0 eng a0879334096 a(BD-RjUL)10629 aDLCcDLCdDLCdBD-RjULbeng0 aengfre00a551.3219bERO 198200aErosion and sediment yield /cedited by Jonathan B. Laronne and M. Paul Mosley. aStroudsburg, Pa. :bHutchinson Ross Pub. Co.,cc1982. axv, 375 p. :bill. ;c25 cm. aEnglish and French. aIncludes bibliographies and indexes. 0aErosion. 0aSediment transport.1 aLaronne, Jonathan B.1 aMosley, M. Paul.